Score 0/6 Timer 02:00
0 Plays Today
Character Actor/Actress % Correct
Rerun StubbsFred Berry
100%
Mabel ThomasMabel King
88.2%
Roger ThomasErnest Thomas
82.4%
Dwayne NelsonHaywood Nelson
76.5%
Shirley WilsonShirley Hemphill
76.5%
Dee ThomasDanielle Spencer
64.7%

You're not logged in!

Compare scores with friends on all Sporcle quizzes.
OR
Log In

Sporcle TV

Today on Sporcle TV


Watch our educational content, quiz creation guides, and fun videos on Sporcle TV.

Show Comments

Extras

Top Quizzes Today


Score Distribution

Paid Content

Your Account Isn't Verified!

In order to create a playlist on Sporcle, you need to verify the email address you used during registration. Go to your Sporcle Settings to finish the process.

Report this User

Report this user for behavior that violates our Community Guidelines.

Details: